000 00519nam a2200157 i 4500
001 51133
003 ES-MaACL
005 20230906162314.0
007 t|
008 030811s1972 sp ||||1| spa d
245 0 0 _aCuerpo Especial de Técnicos Sindicales
_b: contestaciones... para las pruebas de ingreso /
_cpor José Luis Fernández Ortiz... [et al.].
260 _aMadrid :
_b[s.n.],
_c1972.
300 _a57 p. ;
_c31 cm.
700 1 _aFernández Ortiz, José Luis.
_949972
852 _aES-MaACL
_jC-42561
_bR.82214
999 _c51133
_d51133